| 000 | 00441nam a22001697a 4500 | ||
|---|---|---|---|
| 999 |
_c525290 _d525290 |
||
| 003 | NUST | ||
| 038 | _awaseem | ||
| 082 |
_a320.92 _bKHA |
||
| 100 |
_aKhan, Aman Ullah _916027 |
||
| 245 |
_aJhad-e-Masalsal / _cAman Ullah Khan |
||
| 260 |
_aRawalpindi : _bS S Combined, _c1992. |
||
| 300 | _a384 p. ; | ||
| 500 | _aHardcover. | ||
| 880 |
_6100-01\r _aامان اللہ خان |
||
| 880 |
_6245-02\r _aجہدِمسلسل / |
||
| 942 |
_2ddc _cBK |
||